[Event "Sabadell Coral Colon op 5th"]
[Site "Sabadell"]
[Date "2011.02.11"]
[Round "2"]
[White "Alonso Garcia, Jose Luis"]
[Black "Barranco Montilla, Cristobal"]
[Result "1-0"]
[WhiteElo "1848"]
[BlackElo "2089"]
[PlyCount "127"]
[EventDate "2011.02.04"]
[EventType "swiss"]
[EventRounds "9"]
[EventCountry "ESP"]
[SourceTitle "EXT 2013"]
[Source "ChessBase"]
[SourceDate "2012.11.22"]
[SourceVersion "1"]
[SourceVersionDate "2012.11.22"]
[SourceQuality "1"]

1. d4 g6 2. c4 Bg7 3. Nc3 c5 4. d5 Bxc3+ 5. bxc3 f5 6. Nf3 Nf6 7. e3 Qa5 8. Qc2 d6 9. Bd3 Nbd7 10. 0-0 Nb6 11. Re1 Bd7 12. Nd2 Ba4 13. Qb2 Ng4 14. f4 0-0-0 15. e4 Bd7 16. e5 Kc7 17. Nb3 Qa4 18. Qe2 h5 19. Bd2 Rhe8 20. h3 Nh6 21. Be3 Qa3 22. Reb1 Qa6 23. Bd2 Ba4 24. Be3 Nd7 25. e6 Nb6 26. Bf2 Kb8 27. Rb2 Rc8 28. Rab1 Rc7 29. Nd2 Qa5 30. Rc1 Rg8 31. Bh4 Rf8 32. Qf2 Ng8 33. Qg3 Be8 34. Bg5 Qa3 35. Rbc2 Nf6 36. Bxf6 Rxf6 37. h4 Ba4 38. Nb1 Qxc1+ 39. Rxc1 Be8 40. Nd2 Rf8 41. Nf3 Na4 42. Qf2 Nb6 43. Qb2 Na4 44. Qa3 Nb6 45. Rb1 Nc8 46. Qb2 Nb6 47. Nd2 Nc8 48. Bc2 Nb6 49. Qa1 Nc8 50. a4 Nb6 51. a5 Nc8 52. Ba4 Rg8 53. Bxe8 Rxe8 54. Qa4 Rg8 55. Nf3 Ka8 56. Ng5 Rd8 57. Qd1 b6 58. Qa4 Kb7 59. Nf3 Rg8 60. Nd2 Rf8 61. Nb3 Rg8 62. axb6 Nxb6 63. Na5+ Kc8 64. Qb5 1-0